Lê Duẩn, Trường Chinh: hai nhà lý luận sâu sắc của cách mạng Việt Nam
שמור ב:
| מחבר ראשי: | |
|---|---|
| פורמט: | ספר |
| שפה: | Undetermined |
| יצא לאור: |
Hà Nội
Chính trị quốc gia
2002
|
| נושאים: | |
| תגים: |
הוספת תג
אין תגיות, היה/י הראשונ/ה לתייג את הרשומה!
|
| Thư viện lưu trữ: | Trung tâm Học liệu Trường Đại học Cần Thơ |
|---|
| LEADER | 00646nam a2200217Ia 4500 | ||
|---|---|---|---|
| 001 | CTU_62116 | ||
| 008 | 210402s9999 xx 000 0 und d | ||
| 020 | |b 35000 | ||
| 082 | |a 959.7043092 | ||
| 082 | |b Nh120 | ||
| 100 | |a Trần Nhâm | ||
| 245 | 0 | |a Lê Duẩn, Trường Chinh: hai nhà lý luận sâu sắc của cách mạng Việt Nam | |
| 245 | 0 | |c Trần Nhâm | |
| 260 | |a Hà Nội | ||
| 260 | |b Chính trị quốc gia | ||
| 260 | |c 2002 | ||
| 650 | |a communists | ||
| 650 | |x biography | ||
| 650 | |z vietnam | ||
| 904 | |i Trúc Phương | ||
| 980 | |a Trung tâm Học liệu Trường Đại học Cần Thơ | ||